Представление документа в формате MARC21

Поле Инд. ПП Название Значение
Тип записи a
Библиографический уровень b
001 Контрольный номер UNIDUBNAcfbd3cd00c124d99a82951f9ff4f5fca
005 Дата корректировки 20260525190737.8
008 Кодируемые данные 20170331
040 b Код языка каталог. rus
e Правила каталог. PSBO
041 0_ a Код языка текста rus
084 a Индекс другой классификации/Индекс ББК 63.3(2)511-3-7; 63.3(4Фра)51
100 1_ a Автор Черная Л.
e Роль лиц Черная Людмила
245 10 a Заглавие Петр I и Людовик XIV померились славой
b Продолж. заглавия Английский журналист Ричард Стил в XVIII веке сравнивал имидж царствующих особ
520 0_ a Аннотация Английский журналист Ричард Стил в XVIII веке сравнивал имидж царствующих особ и пришел к выводу, что Петр I превзошел Людовика XIV в славе. Почему же Ричард Стил раскритиковал Людовика XIV, доказывая превосходство над ним Петра I? Ответ на этот вопрос кроется в личности самого Стила - офицера кавалерии. Он сравнивал показное и реальное мужество мужчин, стремился разоблачать фальшь и показное величие аристократии. Поэтому его желание разоблачить фальшивую, как он считал, славу Людовика XIV было закономерным. Автор публикации пишет: "...Стил отмечал стремление к роскоши французского короля и стремление к простоте российского монарха, противопоставлял изнеженность первого и трудолюбие и работоспособность второго. Далее шло описание безнравственности, преступных завоеваний и постоянного стремления к славе, двигавшего всей жизнедеятельностью Людовика XIV. Они противопоставлялись скромности, подлинной заботе Петра Великого о развитии своей страны, в особенности наук и искусств". Вопрос о том, кто же и когда перевел статью Ричарда Стила и направил этот перевод в Кабинет Петра Великого, остается пока что открытым.
600 14 a Персоналии Людовик XIV (франц. король)
a Персоналии Петр I Великий
a Персоналии Стил Ричард
650 14 a Основная рубрика история
653 0_ a Ключевые слова "Параллель между Людовиком XIV и Петром Алексеевичем, царем Московии, касательно славы"
a Ключевые слова XVII век
a Ключевые слова XVIII век
a Ключевые слова верховная власть
a Ключевые слова внутренняя политика
a Ключевые слова государственное управление
a Ключевые слова имидж власти
a Ключевые слова имидж императора
a Ключевые слова культура
a Ключевые слова мужественность
a Ключевые слова панегирик
a Ключевые слова Просвещение (эпоха)
a Ключевые слова Россия
a Ключевые слова слава
a Ключевые слова Франция
773 08 t Заглавие источника Родина
d Дата издания источника 2026
g Прочая информация № 4. - С. 116 - 119 : ил.
w Контрольный № источника UNIDUBNAd3f1dc7f83864c1389850c509fe509f0
901 t Тип документа b